|
|
|
|
| LEADER |
00000cam a22000004a 4500 |
| 001 |
musev2_43642 |
| 003 |
MdBmJHUP |
| 005 |
20230905044553.0 |
| 006 |
m o d |
| 007 |
cr||||||||nn|n |
| 008 |
151105s1968 nju o 00 0 eng d |
| 020 |
|
|
|a 9781400874767
|
| 020 |
|
|
|z 9780691622545
|
| 020 |
|
|
|z 9780691041247
|
| 020 |
|
|
|z 9780691649313
|
| 035 |
|
|
|a (OCoLC)966762063
|
| 040 |
|
|
|a MdBmJHUP
|c MdBmJHUP
|
| 100 |
1 |
|
|a Borch, Karl H.
|q (Karl Henrik),
|d 1919-1986,
|e author.
|
| 245 |
1 |
4 |
|a The Economics of Uncertainty. (PSME-2), Volume 2
|
| 264 |
|
1 |
|a Princeton, N.J. :
|b Princeton University Press,
|c 1968.
|
| 264 |
|
3 |
|a Baltimore, Md. :
|b Project MUSE,
|c 2017
|
| 264 |
|
4 |
|c ©1968.
|
| 300 |
|
|
|a 1 online resource (236 pages):
|b illustrations
|
| 336 |
|
|
|a text
|b txt
|2 rdacontent
|
| 337 |
|
|
|a computer
|b c
|2 rdamedia
|
| 338 |
|
|
|a online resource
|b cr
|2 rdacarrier
|
| 490 |
0 |
|
|a Princeton studies in mathematical economics ;
|v number 2
|
| 520 |
8 |
|
|a Annotation
|b The Description for this book, The Economics of Uncertainty. (PSME-2), will be forthcoming.
|
| 588 |
|
|
|a Description based on print version record.
|
| 650 |
|
7 |
|a Game theory.
|2 fast
|0 (OCoLC)fst00937501
|
| 650 |
|
7 |
|a Decision making
|x Mathematical models.
|2 fast
|0 (OCoLC)fst00889048
|
| 650 |
|
7 |
|a Bayesian statistical decision theory.
|2 fast
|0 (OCoLC)fst00829019
|
| 650 |
|
7 |
|a BUSINESS & ECONOMICS
|x Reference.
|2 bisacsh
|
| 650 |
|
7 |
|a BUSINESS & ECONOMICS
|x Economics
|x General.
|2 bisacsh
|
| 650 |
|
6 |
|a Theorie de la decision bayesienne.
|
| 650 |
|
6 |
|a Theorie des jeux.
|
| 650 |
|
6 |
|a Prise de decision
|x Modeles mathematiques.
|
| 650 |
|
0 |
|a Bayesian statistical decision theory.
|
| 650 |
|
0 |
|a Game theory.
|
| 650 |
|
0 |
|a Decision making
|x Mathematical models.
|
| 655 |
|
7 |
|a Electronic books.
|2 local
|
| 710 |
2 |
|
|a Project Muse.
|e distributor
|
| 830 |
|
0 |
|a Book collections on Project MUSE.
|
| 856 |
4 |
0 |
|z Texto completo
|u https://projectmuse.uam.elogim.com/book/43642/
|
| 945 |
|
|
|a Project MUSE - Custom Collection
|
| 945 |
|
|
|a Project MUSE - Archive Complete Supplement V
|
| 945 |
|
|
|a Project MUSE - Archive Political Science and Policy Studies Supplement V
|